| 000 | 00996nam a22002537a 4500 | ||
|---|---|---|---|
| 999 |
_c14105 _d14105 |
||
| 003 | MIRAKIL | ||
| 005 | 20201013154211.0 | ||
| 008 | 201013b tu ||||| |||| 00| 0 tur d | ||
| 020 | _a950808789 | ||
| 040 |
_aTR-AnCHP _cTR-AnCHP |
||
| 041 | _atur | ||
| 082 |
_a956.1015092 _bO75b 2005 |
||
| 100 | _aOsmanoğlu, Osman Selaheddin | ||
| 245 | 1 | 0 |
_aBir şehzadenin hâtırâtı : _b vatan ve menfâda gördüklerim ve işittiklerim / _cŞehzade Ali Vâsıb Efendi ; hazırlayan: Osman Selaheddin Osmanoğlu |
| 246 | _a vatan ve menfâda gördüklerim ve işittiklerim | ||
| 260 |
_aİstanbul: _bYapı Kredi Yayınları, _c2005. |
||
| 300 |
_a478 s.: _bfotg.; _c24 sm. |
||
| 490 | 0 |
_aYapı Kredi yayınları ; _v2124. |
|
| 504 | _aDizin vardır. | ||
| 600 | 0 |
_96562 _aAli Vâsıb Efendi, _cOsmanlı İmparatorluğu Şehzadesi _d1903-1983 _xYaşamöyküsü |
|
| 650 | 0 |
_9710 _aOsmanlı İmparatorluğu _xTarih |
|
| 740 | _a vatan ve menfâda gördüklerim ve işittiklerim | ||
| 942 |
_2ddc _cBKS |
||